000 01370nam a2200361 a 4500
001 000110951
003 CHAP
005 20220329144152.0
008 141029s2014 mx a fsm |||||||spa d
010 _a107413
011 _a108385
040 _cCHAP
090 _aTesis
100 1 _aCastro Valdez, Diego Francisco
_9128720
245 1 0 _aEfectividad bilógica de formulados de Bacillus thuringiensis (Berliner) sobre gusano cogollero Spodoptera frugiperda (J.E. Smith)
_h[En línea]
_cpor Diego Francisco Castro Valdez.
260 _aChapingo, Méx. :
_bEl autor,
_c2014.
500 _aPara ver el contenido del material haga clic en la liga
502 _aTesis (Ing. Agr. Esp. en Parasitología Agrícola) -- UACH. Departamento de Parasitología Agrícola
590 _aBATCH
_b00
_c20181121
_lUCH01
_h0759
590 _aE11695DGD
_b10
_c20141103
_lUCH01
_h1026
590 _aE5995AHE
_b05
_c20141029
_lUCH01
_h1351
590 _aE5995AHE
_b05
_c20141029
_lUCH01
_h1355
650 1 4 _aBacillus thuringiensis.
_99298
650 1 4 _aControl biológico de plagas.
_927587
650 1 4 _aGusano cogollero del maíz.
_951561
650 1 4 _aInsecticidas biológicos.
_958883
650 1 4 _aMaíz
_xPlagas.
_971034
856 _a1
_n0001476
856 _aFinding aid
_uhttp://10.13.5.2/tesis/sist110951.pdf
_zTeclea aquí
901 _aBK
942 _cTESIS
942 _n0
999 _c107413
_d107413